Statistics for Friends Theme Song Lyrics

Click here to take the quiz!

General Stats

  • This quiz has been taken 118,404 times
    (116,848 since last reset)
  • The average score is 58 of 76

Answer Stats

Lyrics% Correct
be
98%
be
98%
be
98%
be
98%
you
98%
you
98%
you
98%
you
98%
to
94%
the
93%
for
90%
for
90%
for
90%
for
90%
I'll
90%
I'll
90%
I'll
90%
a
88%
there
88%
there
88%
there
88%
there
88%
there
88%
your
85%
your
85%
your
85%
Your
85%
your
85%
your
85%
life
83%
this
82%
way
82%
gonna
81%
no
81%
one
79%
told
79%
When
79%
When
79%
was
78%
So
77%
it
74%
second
72%
day
71%
Like
71%
like
71%
love
70%
been
69%
been
69%
in
69%
you're
69%
you're
69%
you're
69%
gear
68%
joke
68%
me
68%
year
68%
broke
67%
month
65%
rain
65%
starts
65%
stuck
65%
week
63%
always
62%
even
62%
hasn't
62%
job's
62%
life's
62%
too
62%
or
61%
DOA
59%
It's
55%
before
50%
'Cos
50%
pour
50%
But
48%
I've
48%

Score Distribution

Percentile by Number Answered

Percent of People with Each Score

Your Score History

You have not taken this quiz since the last reset